Má společenská odpovědnost firem v České republice budoucnost ?

Korene spoločenskej zodpovednosti v ČR - firma Baťa, tri piliere - ekonomický, sociálny, environmentálny. Návrh na vytvorenie systémových podmienok k posilneniu CSR v Česku.

Uložené v:
Podrobná bibliografia
Hlavný autor: Srpová, Jitka
Ďalší autori: Kunz, Vilém
Médium: Kapitola
Jazyk:Czech
Predmet:
Tagy: Pridať tag
Žiadne tagy, Buďte prvý, kto otaguje tento záznam!

MARC

LEADER 00000nla$a2200000$$$4500
001 0115098
005 20220713123212.3
041 0 |a cze 
044 |a SK 
245 1 0 |a Má společenská odpovědnost firem v České republice budoucnost ?  |c Jitka Srpová, Vilém Kunz 
520 |a Korene spoločenskej zodpovednosti v ČR - firma Baťa, tri piliere - ekonomický, sociálny, environmentálny. Návrh na vytvorenie systémových podmienok k posilneniu CSR v Česku. 
610 2 0 |a firmy 
610 2 0 |a zodpovednosť spoločenská 
610 2 0 |a Česko 
100 1 |a Srpová, Jitka 
700 1 |a Kunz, Vilém